|
|
|
|
| LEADER |
00948nam a2200337 4500 |
| 001 |
DLU060056826 |
| 005 |
##20021106102609.0 |
| 008 |
##940830s1994 si a b 010 0 eng d |
| 010 |
# |
# |
|a 95104222
|
| 020 |
# |
# |
|a 9810216467
|
| 035 |
# |
# |
|9 (DLC) 95104222
|
| 035 |
# |
# |
|a (OCoLC)31031157
|
| 040 |
# |
# |
|a WaU
|c WaU
|d IU
|d DLC
|
| 042 |
# |
# |
|a lccopycat
|
| 082 |
# |
# |
|a 537.622
|b LI-M
|
| 100 |
# |
# |
|a Li, Ming-Fu
|
| 245 |
# |
# |
|a Modern semiconductor quantum physics /
|c Ming-Fu Li
|
| 260 |
# |
# |
|a Singapore :
|b World Scientific,
|c 1994.
|
| 300 |
# |
# |
|a xiii, 570 p. ;
|c 22 cm.
|
| 440 |
# |
# |
|a International Series on advances in solid state electronics and technology (ASSET)
|
| 504 |
# |
# |
|a Includes bibliographical references.
|
| 923 |
# |
# |
|a 26/2006
|
| 992 |
# |
# |
|a 23400
|
| 994 |
# |
# |
|a DLU
|
| 900 |
# |
# |
|a True
|
| 911 |
# |
# |
|a Thái Thị Thanh Thủy
|
| 925 |
# |
# |
|a G
|
| 926 |
# |
# |
|a A
|
| 927 |
# |
# |
|a SH
|
| 980 |
# |
# |
|a Thư viện Trường Đại học Đà Lạt
|